000 04451nab a2200373 4500
003 BR-BrBNA
005 20250913152850.0
008 250913b2024 bl.ar|pooa||| 00| 0 eng |
040 _aBR-BrBNA
_bpor
072 _aF02 ; P34 ; F03
_b1240 ; 3490 ; 3540 ; 3650
100 _aViera, Carla Thais Rodrigues
100 _aBoeira, Yasmin dos Santos
100 _aNachtigal, Glaucia de Figueiredo
100 _aMartins, Carlos Roberto
100 _aValgas, Ricardo Alexandre
245 _aGrowth promotion of pecan rootstock seedlings with Trichoderma spp.
500 _aSummaries (En, Pt); 24 ref.; 4 illus.; 3 tables
520 _aAbstract – The objective of this work was to select Trichoderma spp. strains with potential to promote the growth of rootstock seedlings of the pecan Barton cultivar by improving their morphological parameters and quality index, as well as to biochemically characterize these strains in vitro. In vitro bioassays were carried out with 59 Trichoderma spp. strains to evaluate their effects on the germination percentage and root growth of a bioindicator plant. The pre-selected strains were inoculated onto pecan seeds with a spore suspension at a concentration of 1x109 conidia per milliliter. The experimental design was completely randomized, with five replicates. The analyzed variables were plant height, stem diameter, number of leaves, shoot dry mass, root dry mass, total dry mass, and the Dickson quality index. For each strain, qualitative evaluations of calcium phosphate solubilization and of the production of siderophores, hydrocyanic acid, and indole-3-acetic acid were carried out in vitro. The production of hydrocyanic acid and indole-3-acetic acid was not observed. Strains CPACT275, CPACT809, CPACT838, CPACT852, and CPACT859 significantly enhanced the biomass and quality index of ‘Barton’ pecan rootstock seedlings. The growth promoted by Trichoderma spp. may be related to calcium phosphate solubilization by all strains and siderophore production by CPACT838 and CPACT852. Index terms: Carya illinoinensis, biostimulant, siderophores, solubilization of phosphate.
520 _aResumo – O objetivo deste trabalho foi selecionar linhagens de Trichoderma spp. com potencial de promover o crescimento de mudas de porta-enxerto da cultivar de nogueira-pecã Barton ao melhorar seus parâmetros morfológicos e índice de qualidade, bem como caracterizar bioquimicamente essas linhagens in vitro. Foram realizados bioensaios in vitro com 59 linhagens de Trichoderma spp., para avaliar seus efeitos sobre o percentual de germinação e o crescimento radicular de planta bioindicadora. As linhagens pré-selecionadas foram inoculadas às sementes de nogueira-pecã com suspensão de esporos a 1x109 conídios por mililitro. O delineamento experimental foi inteiramente casualizado, com cinco repetições. As variáveis analisadas foram altura de planta, diâmetro do caule, número de folhas, massa seca de parte aérea, massa seca de raízes, massa seca total e índice de qualidade de Dickson. Para cada linhagem, foram realizadas avaliações qualitativas da solubilização de fosfato de cálcio e da produção de sideróforos, ácido cianídrico e ácido indol-3-acético in vitro. Não foi observada produção dos ácidos cianídrico e indol-3-acético. As linhagens CPACT275, CPACT809, CPACT838, CPACT852 e CPACT859 promoveram aumento significativo na biomassa e no índice de qualidade das mudas de porta-enxertos de nogueira-pecã ‘Barton’. A promoção do crescimento por Trichoderma spp. pode estar relacionada à solubilização de fosfato de cálcio por todas as linhagens e à produção de sideróforos por CPACT838 e CPACT852. Termos para indexação: Carya illinoinensis, bioestimulante, sideróforos, solubilização de fosfato.
650 _aNOGUEIRA
650 _aNOZ
650 _aPORTA ENXERTO
650 _aSEMENTE
650 _aTRICHODERMA SPP
650 _aFUNGO
650 _aINOCULAÇÃO
650 _aESTIMULANTE DE CRESCIMENTO VEGETAL
650 _aMUDA
650 _aGERMINAÇÃO
773 0 _0920
_9357578
_dBrasília-DF Empresa Brasileira de Pesquisa Agropecuária - EMBRAPA 1966-
_o2025-5543
_tPesquisa Agropecuária Brasileira (Brazil)
_x0100-204X
_gv. 59 p. 1-10; (2024)
_wBR2025002420
856 _uhttps://www.scielo.br/j/pab/a/rdnYyYNXTzmbB6NF7WHh7JH/?format=pdf&lang=en
942 _cANA
999 _c338156
_d338156